000 01363cad a22002175a 4500
001 E150559
008 100727s2010 xxk f 000 0 eng d
035 _a(Sirsi) u150559
041 0 _aeng
110 2 _aScotland
_bScottish Government
_95344
245 0 4 _aThe small buildings structural guidance
_h[electronic resource]
260 _a[S.l.]
_bScottish Government
_c2010
505 2 _aGeneral -- Stability -- Foundations -- Masonry walls -- Timber frame walls -- Timber floors and roof members
520 _aReplaces the Small Buildings Guide (2nd edition 1994) and provides structural guidance to designers of small domestic buildings. The guidance is divided into six annexes: general; stability; foundations; masonry walls; timber frame walls; timber floors and roofs. The structures covered by this guidance are restricted in terms of construction type, size and subsoil conditions to those commonly occurring in Scotland. Following this guidance will help designers meet standard 1.1.
520 _aSupersedes Small Buildings Guide 2nd edition (ISBN 0114952469).
590 _aKA
651 4 _aScotland
_y1999-
690 _aBuilding regulations
_96224
856 4 0 _uhttps://www.scotland.gov.uk/Topics/Built-Environment/Building/Building-standards/publications/pubtech/techsbsg/
_zView the guidance free of charge at www.scotland.gov.uk
942 _n0
999 _c110908
_d110908